Statistiques concernant Classement des Prénom les plus débiles

Cliquez ici pour prendre le quiz!

Statistiques générales

  • Ce quiz a été pris 453 fois
  • Le résultat moyen est 2 sur 8

Statistiques - réponses

ClassementPrénom% Correct
5Kevin
73%
4Dylan
58%
6Enzo
39%
1Mathieu
19%
8Quentin
15%
7Jeff
10%
3Célestin
4%
2Natanael
3%

Distribution des résultats

Percentile par nombre de réponses

% des personnes avec chaque résultat

Votre développement - résultats

Vous n’avez pas pris ce quiz